Регионална библиотека "Любен Каравелов" - Русе

За безопасност и култура на движението (Запис номер 398308)

MARC детайли
000 -Лидер
Контролно поле с фиксирана дължина nkm a22 a 4500
003 - Код на организацията, давaща контролен номер
Контролно поле BLK
005 - Дата и час на последна редакция
Контролно поле 20210225133139.0
008 - Елементи от данни с фиксирана дължина
fixed length control field 210212b bu ||||| |||| 00| 0 bu d
040 ## - Източник на каталожния запис
Идентификатор на билиотеката - собственик на записа BLK
041 ## - Код за език
Код за езика на текст/звукозапис или на отделно заглавие Български
Код за езика КДБФ Български
080 ## - УДК
Текстов определител УДК Улично и пътно движение. Безопасност на движението
УДК код - определител по УДК 656.11
УДК определител (084.12)
УДК - код + определител 656.11(084.12)
100 ## - Редна дума - Автор
R(LIN) 289744
Автор Тенев, Теньо Динев
Авторска отговорност първи автор
139 ## - Редно поле
Редна дума Тенев, Теньо Динев
245 ## - Сведения за заглавието
Заглавие За безопасност и култура на движението
Подзаглавни данни [Изобразителен материал] : [комплект снимки]
Редно поле (дума) вт.-състав. Теньо Тенев ; худож. Кирил Воденичаров ; ред. Моньо Петков ; цв. снимки Г. Стоянов ... [и др.]
260 ## - Област на издателските данни
9 (RLIN) 210539
Място на издаване, разпространение и проч. София
Име на издателя, разпространителя и проч. Септември
Година на издаване 1977
300 ## - Физическа характеристика
Страници 1 папка (20 отд. л. с цв. снимки и к.)
Размери/Мащаб 35 х 49 см
380 ## - Жанр
Жанр Техника
500 ## - Общи забележки
Забележка Други авт. на снимки: С. Церовски, Д. Димитров, Т. Митов, Н. Чобанов, П. Спасов, Д. Николов и Б. Димитров
650 #0 - Допълнително описание по предмет – тема
9 (RLIN) 259855
Основно описание – тема или топоним Автомобилен транспорт - безопасност на движението
653 #7 - Ключова дума – ненормативна
9 (RLIN) 181765
Ключова дума безопасност на движението
700 ## - Други автори (авторска отговорност)
9 (RLIN) 1637
Лично име Воденичаров, Кирил
Автороска отговорност (Описва отношението между автора и произведението) худож.
700 ## - Други автори (авторска отговорност)
9 (RLIN) 351271
Лично име Петков, Моньо
Автороска отговорност (Описва отношението между автора и произведението) ред.
852 ## - Местоположение
Форматна сигнатура Цб ІІІ 415
Фондова буква Хранилище
999 ## - СИСТЕМНИ КОНТРОЛНИ НОМЕРА
Koha biblionumber 398308
Koha biblioitemnumber 398308
942 ## - АРТИКУЛИ
Вид на библиотечния материал Графични издания
Скрит в OPAC Не
Периодичен библиозапис Да
944 ## - СЪЗДАВАНЕ И РЕДАКЦИЯ на ЗАПИСА
Създаване/Редакция Създаване
Дата на регистрацията/редакция 2021-02-12
Служител, извършил регистрацията/редакцията Микаела Микова - Илиева
Статус, дата на статуса 2021-02-12
999 ## - СИСТЕМНИ КОНТРОЛНИ НОМЕРА
Koha biblioitemnumber 398308
999 ## - СИСТЕМНИ КОНТРОЛНИ НОМЕРА
Koha biblioitemnumber 398308
Наличности
Код за отписване Код за изгубен артикул Източник на класификационната схема Код за повреда Коз за рестрикции Код за отдаване Артикулен № Име на библиотеката - собственик Име на библиотеката, в която се намира в момента Статус (Текущо местоположение) Дата на вписване в системата Местоположение - отдел Цена в лева Инвентарен номер Систематично азбучна сигнатура Баркод Цена в евро Служебен тип на артикула
  Не е изгубен Universal Decimal Classification Не е повреден само за читалня ползва се в читалня 812732 Регионална библиотека "Любен Каравелов" Русе Регионална библиотека "Любен Каравелов" Русе Хранилище 2021-02-18 Хранилище 7.50 253002 Цб ІІІ 415 120000253002 3.83 Графични издания
Vip Innovations Ltd, Rousse, Bulgaria 2025